000 00440nam a2200169Ia 4500
008 230524s9999 xx 000 0 und d
082 _a912
_bAGV
100 _aAnne M.R.Agur
_923727
245 0 _aGrant's Atlas of Anatomy
250 _a11TH
260 _aNEW DELHI
_bLippincott Williams & Wilkins
_c2005
300 _aXI;823
500 _aQuantity Number: 1
650 _aBiomedical
700 _a Arthur F.Dalley
_923728
942 _cBK
999 _c35262
_d35262